000 00659nam a2200265Ia 4500
005 20260121173511.0
008 008 260114s9999 xx 000 0 eng d
020 _a9783031151354
037 _aEBOOK
040 _aCRL
040 _beng
040 _cCRL
041 _2eng
041 _aeng
084 _qCRL
100 _aLeonid Issaev, Andrey Korotayev
_91101637
245 0 _aNew Wave of Revolutions in the MENA Region
260 _bSpringer
260 _bSpringer
260 _c2022
856 _uhttps://link.springer.com/openurl?genre=book&isbn=978-3-031-15135-4
942 _cEBOOK
999 _c1667382
_d1667382